00500nam a2200193 a 4500001001300000003000900013005001700022008004100039020001000080082001600090100001800106245007200124260002500196300000800221500003500229505001000264650001400274700001800288nice12345678IN_TiNIC20260116012937.0050524s1991 dela grp 000 0 eng  ac12500a954.84bKHA aKhalidi, Omar aMemoirs of Cyril Jonesb People, Society, and Railways in Hyderabad aDelhibManoharc1991 a95p aincludes index and biblioraphy2 aIndex aHyderabad1 aKhalidi, Omar